[Event "Titled Tuesday intern op 09th Jan Early"]
[Site "Chess.com INT"]
[Date "2024.01.09"]
[Round "6"]
[White "Sanal, Vahap"]
[Black "Korchmar, Vasiliy"]
[Result "1-0"]
[WhiteElo "2567"]
[BlackElo "2438"]
[PlyCount "45"]
[EventDate "2024.01.09"]
[EventType "swiss (blitz)"]
[EventRounds "11"]
[EventCountry "USA"]
[SourceTitle "CB03_2024"]
[SourceDate "2024.01.17"]
[SourceVersion "1"]
[SourceVersionDate "2024.01.17"]
[SourceQuality "1"]

1. e4 c5 2. Nc3 d6 3. Bb5+ Bd7 4. Bxd7+ Nxd7 5. d3 g6 6. f4 Bg7 7. Nf3 e6 8. 0-0 Ne7 9. Qe1 0-0 10. Bd2 Rb8 11. Kh1 b5 12. Rb1 b4 13. Ne2 Qa5 14. Qh4 Rfe8 15. Ng3 Qxa2 16. f5 exf5 17. exf5 Qd5 18. Ng5 h6 19. N5e4 g5 20. Qh3 Nf6 21. Nxf6+ Bxf6 22. Qxh6 Qd4 23. Nh5 1-0

[Event "Titled Tuesday intern op 09th Jan Early"]
[Site "Chess.com INT"]
[Date "2024.01.09"]
[Round "8"]
[White "Sturt, Raven M"]
[Black "Sanal, Vahap"]
[Result "1-0"]
[WhiteElo "2459"]
[BlackElo "2567"]
[PlyCount "95"]
[EventDate "2024.01.09"]
[EventType "swiss (blitz)"]
[EventRounds "11"]
[EventCountry "USA"]
[SourceTitle "CB03_2024"]
[SourceDate "2024.01.17"]
[SourceVersion "1"]
[SourceVersionDate "2024.01.17"]
[SourceQuality "1"]

1. f4 d5 2. Nf3 c5 3. e3 Nc6 4. b3 Bg4 5. Bb5 e6 6. Bb2 Nge7 7. 0-0 a6 8. Be2 Nf5 9. Qe1 Be7 10. h3 Bxf3 11. Bxf3 h5 12. g3 Bf6 13. Nc3 b5 14. Rc1 g6 15. Kg2 Qc7 16. Nxd5 exd5 17. Bxf6 Rg8 18. Bxd5 Qd6 19. e4 Qxf6 20. e5 Qd8 21. Bxc6+ Ke7 22. Bxa8 Qxa8+ 23. Kh2 h4 24. g4 Ng3 25. Rf2 Qd5 26. Qe3 Rd8 27. c4 bxc4 28. bxc4 Qc6 29. f5 gxf5 30. gxf5 Rd4 31. Qg5+ Kd7 32. e6+ fxe6 33. fxe6+ Qxe6 34. Qxc5 Rd3 35. Qa7+ Ke8 36. Qb8+ Kd7 37. Qb7+ Ke8 38. Qb8+ Kd7 39. Qb7+ Ke8 40. Qg2 Qe5 41. Qa8+ Rd8 42. Rf8+ Kxf8 43. Qxd8+ Kg7 44. Qd7+ Kh6 45. Qc6+ Kg7 46. Qb7+ Kh6 47. Qxa6+ Kh5 48. Qb5 1-0

[Event "Wch Blitz"]
[Site "Samarkand"]
[Date "2023.12.30"]
[Round "13"]
[White "Nogerbek, Kazybek"]
[Black "Sanal, Vahap"]
[Result "1-0"]
[WhiteElo "2483"]
[BlackElo "2595"]
[PlyCount "89"]
[EventDate "2023.12.29"]
[EventType "swiss (blitz)"]
[EventRounds "21"]
[EventCountry "UZB"]
[SourceTitle "CB01_2024"]
[SourceDate "2024.01.03"]
[SourceVersion "1"]
[SourceVersionDate "2024.01.03"]
[SourceQuality "1"]

1. d4 d6 2. e4 Nf6 3. Nc3 e5 4. Nf3 Nbd7 5. Rg1 g6 6. g4 Bg7 7. Be3 c6 8. Qd2 b5 9. a3 0-0 10. 0-0-0 a5 11. dxe5 dxe5 12. Qd6 b4 13. Na4 bxa3 14. bxa3 Nxe4 15. Qxc6 Qe7 16. Rd3 Rb8 17. Qxe4 Bb7 18. Bg5 Qe6 19. Qe1 e4 20. Bf4 Rbc8 21. Rxd7 Rxc2+ 22. Kxc2 Qxd7 23. Nb6 Qc6+ 24. Nc4 exf3 25. Bd3 Qa4+ 26. Kc1 Qb3 27. Qd2 Rd8 28. Rd1 Be4 29. Qc2 Qxc2+ 30. Bxc2 Rc8 31. Bxe4 Rxc4+ 32. Kb1 Bf6 33. Re1 Kg7 34. Bc1 Rc5 35. Bxf3 Rb5+ 36. Ka2 Rc5 37. Be4 Bh4 38. Be3 Rc7 39. Rc1 Re7 40. Rc4 Bf6 41. h3 h5 42. gxh5 gxh5 43. Bf3 Rd7 44. Bxh5 Rb7 45. Bd4 1-0

[Event "Wch Blitz"]
[Site "Samarkand"]
[Date "2023.12.30"]
[Round "17"]
[White "Petrosyan, Manuel"]
[Black "Sanal, Vahap"]
[Result "1-0"]
[WhiteElo "2619"]
[BlackElo "2595"]
[PlyCount "59"]
[EventDate "2023.12.29"]
[EventType "swiss (blitz)"]
[EventRounds "21"]
[EventCountry "UZB"]
[SourceTitle "CB01_2024"]
[SourceDate "2024.01.03"]
[SourceVersion "1"]
[SourceVersionDate "2024.01.03"]
[SourceQuality "1"]

1. d4 d6 2. Nf3 Nf6 3. Nc3 Nbd7 4. e4 e5 5. g3 Be7 6. Bg2 c6 7. a4 0-0 8. 0-0 Re8 9. Re1 Bf8 10. h3 Qc7 11. b3 exd4 12. Nxd4 Ne5 13. Bb2 Bd7 14. Qd2 Rad8 15. Rad1 a6 16. Kh2 b5 17. axb5 axb5 18. f4 Ng6 19. Qd3 h5 20. Nf5 b4 21. Ne2 d5 22. Bxf6 gxf6 23. exd5 cxd5 24. Ned4 h4 25. Rf1 Bc5 26. Bxd5 Kf8 27. Nxh4 Nxh4 28. Qh7 Bc8 29. Nc6 Rxd5 30. Qh8# 1-0

[Event "Wch Blitz"]
[Site "Samarkand"]
[Date "2023.12.29"]
[Round "4"]
[White "Ganguly, Surya Shekhar"]
[Black "Sanal, Vahap"]
[Result "0-1"]
[WhiteElo "2578"]
[BlackElo "2595"]
[PlyCount "75"]
[EventDate "2023.12.29"]
[EventType "swiss (blitz)"]
[EventRounds "21"]
[EventCountry "UZB"]
[SourceTitle "CB01_2024"]
[SourceDate "2024.01.03"]
[SourceVersion "1"]
[SourceVersionDate "2024.01.03"]
[SourceQuality "1"]

1. Nf3 c5 2. e4 e6 3. Nc3 a6 4. Be2 d6 5. d4 cxd4 6. Nxd4 Nf6 7. 0-0 Be7 8. f4 Qc7 9. Be3 Nbd7 10. Bf3 0-0 11. g4 Nb6 12. g5 Nfd7 13. Kh1 Nc4 14. Bc1 b5 15. Bg2 Re8 16. b3 Na5 17. Bb2 Bb7 18. Qh5 Rac8 19. f5 e5 20. Nde2 Bf8 21. Rf3 g6 22. Qh4 Bg7 23. f6 Bh8 24. Qh6 b4 25. Bh3 bxc3 26. Nxc3 Nf8 27. Rg1 Qb6 28. Rg4 Nc4 29. Bg2 Nxb2 30. Rh4 Rxc3 31. Rxc3 Qd4 32. Rf3 Bxe4 33. Rf1 Bxg2+ 34. Kxg2 Qd5+ 35. Kg1 Rc8 36. c4 Qc5+ 37. Kh1 Nd3 38. Kg2 0-1

[Event "Wch Blitz"]
[Site "Samarkand"]
[Date "2023.12.29"]
[Round "2"]
[White "Grebnev, Aleksey"]
[Black "Sanal, Vahap"]
[Result "0-1"]
[WhiteElo "2525"]
[BlackElo "2595"]
[PlyCount "102"]
[EventDate "2023.12.29"]
[EventType "swiss (blitz)"]
[EventRounds "21"]
[EventCountry "UZB"]
[SourceTitle "CB01_2024"]
[SourceDate "2024.01.03"]
[SourceVersion "1"]
[SourceVersionDate "2024.01.03"]
[SourceQuality "1"]

1. d4 d6 2. Nf3 Nf6 3. c4 g6 4. Nc3 Bg7 5. e4 0-0 6. Bd3 Bg4 7. Be2 Bxf3 8. Bxf3 e5 9. d5 a5 10. Be3 Nbd7 11. Be2 Nc5 12. Qc2 Kh8 13. g4 Ng8 14. h4 Qd7 15. 0-0-0 f5 16. gxf5 gxf5 17. Kb1 Nxe4 18. Nxe4 fxe4 19. Qd2 Ne7 20. Rdg1 Nf5 21. Bg4 b5 22. c5 dxc5 23. Bxc5 Rf7 24. Re1 Rd8 25. Rd1 b4 26. h5 Qb5 27. Bxf5 Qxc5 28. h6 Bf8 29. Be6 Rxf2 30. Qc1 e3 31. Rhe1 e2 32. Rd3 Qxc1+ 33. Kxc1 b3 34. Rxb3 Bb4 35. Rxb4 axb4 36. Kc2 Rh2 37. Kb3 Rf8 38. Rg1 Rxh6 39. Re1 Rh2 40. Kc2 Rf1 41. Kd2 Rxe1 42. Kxe1 h5 43. Bd7 Kg7 44. a4 bxa3 45. bxa3 Kf6 46. a4 Ke7 47. Bc6 Kd6 48. Bb7 h4 49. a5 h3 50. a6 Rh1+ 51. Kxe2 h2 0-1